[Event "Mecklenburg VP LL2 Ost 1516"]
[Site "Mecklenburg VP"]
[Date "2015.09.20"]
[Round "1.7"]
[White "Fasold, Gunnar"]
[Black "Ehmann, Roland"]
[Result "1/2-1/2"]
[WhiteElo "1629"]
[BlackElo "1554"]
[PlyCount "72"]
[EventDate "2015.09.20"]
[EventType "team-tourn"]
[EventRounds "9"]
[EventCountry "GER"]
[SourceTitle "EXT 2022"]
[Source "ChessBase"]
[SourceDate "2021.10.06"]
[SourceVersion "1"]
[SourceVersionDate "2021.10.06"]
[SourceQuality "1"]
[WhiteTeam "Greifswald II"]
[BlackTeam "Waterkant Saal SV"]
[WhiteTeamCountry "GER"]
[BlackTeamCountry "GER"]

1. d4 d5 2. c4 c6 3. cxd5 cxd5 4. Nc3 e6 5. Nf3 f5 6. Bg5 Nf6 7. e3 Bd6 8. Ne5 0-0 9. Nd3 Nc6 10. Bf4 Bxf4 11. Nxf4 a6 12. Be2 Bd7 13. 0-0 b5 14. Rc1 Rc8 15. Nb1 Na5 16. b3 Qb6 17. Nd2 Nb7 18. Nf3 Qd6 19. Ne5 Ne4 20. Qe1 Rxc1 21. Qxc1 Rc8 22. Qb2 Nc3 23. b4 Nxe2+ 24. Qxe2 Be8 25. Nfd3 a5 26. Nc5 Nxc5 27. bxc5 Qc7 28. Rb1 a4 29. a3 Rb8 30. Nd3 Bc6 31. Rb4 h6 32. Qb2 Kf8 33. Qb1 Ke7 34. Nb2 Ra8 35. Nd1 Ra5 36. Nc3 Qd7 1/2-1/2